| 000 | 00523nam a22001937a 4500 | ||
|---|---|---|---|
| 003 | OSt | ||
| 005 | 20130508112739.0 | ||
| 008 | 130508s2003 sp ||||| |||| 00| 0 spa d | ||
| 020 | _a8449315131 | ||
| 040 | _cCDMR | ||
| 100 | 1 |
_93357 _aKelsey, Gerald |
|
| 245 | 1 | 0 |
_aEscribir para televisión _cGerald Kelsey |
| 260 |
_aBarcelona _bPaidós _cDL 2003 |
||
| 300 | _a340 p. | ||
| 490 | 0 |
_aPaidós Manuales de Escritura _v7 |
|
| 650 | 0 | 4 |
_93143 _aGuions televisius |
| 650 | 0 | 4 |
_93358 _aTelevisió _xArt d'escriure |
| 942 |
_2udc _cMON |
||
| 999 |
_c6195 _d6195 |
||